| 000 | 02675nam a22003857a 4500 | ||
|---|---|---|---|
| 003 | OSt | ||
| 005 | 20260404152453.0 | ||
| 008 | 260331b mp ||||| |||| 00| 0 mon d | ||
| 020 |
_a978-9919-0-6375-7 _q(хатуу хавтастай) |
||
| 040 |
_aMN_MNUMS _bMon _cMN_MNUMS _dMN_MNUMS _erda |
||
| 082 |
_221 _a614.4'077 _bД 369 |
||
| 100 | 0 |
_aДармаа, М. _eзохиогч _970424 |
|
| 245 |
_aХалдварт өвчний тархвар судлал: Сурах бичиг _c/Зохиогч: Мөнхдоржийн Дармаа; Редактор: Д. Даваалхам, Г. Даваа. |
||
| 264 | 1 |
_aУлаанбаатар: _bУдам соёл, _c2026. |
|
| 300 | _a348 хуудастай. | ||
| 440 | _vБоть I | ||
| 505 | _tГарчиг | ||
| 505 |
_tДэлхий дахинд тархвар судлалын шинжлэх ухааны үүсэж, хөгжсөн түүх -- _tМонгол улсад тархвар судлалын шинжлэх ухаан үүсэж, хөгжсөн түүх -- _tТархвар судлалын шинжлэх ухааны тодорхойлолт _tЭпидемийн процессын тухай онол, хуулиуд -- _tПопуляци болон шимэгчлэлийн систем -- _tЭпидемийн процесс -- _tХалдвар дамжих механизм -- _tДамжуулах механизмын онолын хөгжил -- _tЭпидемийн процессын илрэл -- _tХалдварт өвчний ангилал -- _tХалдварт өвчний тандалт, судалгаа -- _tХалдварт өвчнөөс урьдчилан сэргийлэх, түүнтэй тэмцэх арга хэмжээ -- _tТархвар судлалын шинжлэх ухааны ирээдүйн чиг хандлага |
||
| 546 |
_aмонгол _bкирилл |
||
| 650 | 4 | _aхалдварт өвчин | |
| 650 | 4 | _aтархвар судлал | |
| 650 | 4 | _aэпидемиологи | |
| 650 | 4 |
_aхалдваргүйжүүлэлт _942994 |
|
| 650 | 4 |
_aхалдвараас сэргийлэх _970425 |
|
| 650 | 4 |
_aвакцин _95221 |
|
| 650 | 4 |
_aиммунобиологийн бэлдмэлүүд _970426 |
|
| 650 | 4 |
_aхалдвар дамжих механизм _970427 |
|
| 650 | 4 |
_aшимэгчлэл _970428 |
|
| 650 | 4 |
_aэпидемийн процесс _970429 |
|
| 650 | 4 | _aдархлаажуулалт | |
| 700 | 0 |
_aДаваалхам, Д. _eредактор |
|
| 700 | 0 |
_aДаваа, Г. _eредактор _967061 |
|
| 710 |
_aАч Анагаах Ухааны Их Сургууль _eЭрхэлсэн байгууллага _966081 |
||
| 942 |
_2ddc _cTBOOK |
||
| 999 |
_c37228 _d37228 |
||